[Event "Heusenstamm Sparkassen op-B 6th"]
[Site "Heusenstamm"]
[Date "2019.11.24"]
[Round "7"]
[White "Hegel, Jonas"]
[Black "Kirchner, Stefan2222"]
[Result "1-0"]
[WhiteElo "1616"]
[BlackElo "1575"]
[PlyCount "57"]
[EventDate "2019.11.21"]
[EventType "swiss"]
[EventRounds "7"]
[EventCountry "GER"]
[SourceTitle "CBM 194 Extra"]
[Source "ChessBase"]
[SourceDate "2020.03.31"]
[SourceVersion "1"]
[SourceVersionDate "2020.03.31"]
[SourceQuality "1"]

1. e4 c5 2. Nc3 g6 3. f4 d6 4. Bc4 Bg7 5. Nf3 Nh6 6. 0-0 a6 7. a4 Nc6 8. d3 Nd4 9. Nxd4 Bxd4+ 10. Kh1 Bd7 11. f5 Bg7 12. Bxh6 Bxh6 13. fxg6 e6 14. gxf7+ Kf8 15. Qf3 Qg5 16. Ne2 Ke7 17. Nf4 Qxf4 18. Qxf4 Bxf4 19. Rxf4 Raf8 20. Raf1 h6 21. a5 Rh7 22. g4 e5 23. Rf6 Bxg4 24. Bd5 Bc8 25. Rg6 h5 26. Rg8 Rh8 27. Rfg1 Bg4 28. h3 Bxh3 29. Rxh8 1-0

[Event "Heusenstamm Sparkassen op-B 5th"]
[Site "Heusenstamm"]
[Date "2018.11.25"]
[Round "7"]
[White "Hegel, Jonas"]
[Black "Hofmann, Werner2222"]
[Result "1/2-1/2"]
[WhiteElo "1741"]
[BlackElo "1685"]
[PlyCount "43"]
[EventDate "2018.11.22"]
[EventType "swiss"]
[EventRounds "7"]
[EventCountry "GER"]
[SourceTitle "CBM 187 Extra"]
[Source "ChessBase"]
[SourceDate "2018.11.04"]
[SourceVersion "1"]
[SourceVersionDate "2018.11.04"]
[SourceQuality "1"]

1. e4 c6 2. Nc3 d5 3. Nf3 Bg4 4. h3 Bxf3 5. Qxf3 e6 6. exd5 exd5 7. d4 Be7 8. Bd3 Nf6 9. Be3 Qc7 10. 0-0 0-0 11. Bf4 Bd6 12. Ne2 Nbd7 13. c3 Rae8 14. Bxd6 Qxd6 15. Ng3 Qb8 16. h4 Kh8 17. h5 g6 18. hxg6 hxg6 19. Ne2 Kg7 20. g3 Ne4 21. Qg2 Rh8 22. Bxe4 1/2-1/2